Manual de galvanoplastia y estereotipia y otros procedimientos de reproducción en relieve / (Record no. 159958)

MARC details
000 -LEADER
campo de control de longitud fija 01286nam a22003015i 4500
001 - NÚMERO DE CONTROL
campo de control 159958
003 - IDENTIFICADOR DE NÚMERO DE CONTROL
campo de control ES-MaACL
005 - FECHA Y HORA DE LA ÚLTIMA TRANSACCIÓN
campo de control 20250814080102.0
008 - DATOS DE LONGITUD FIJA--INFORMACIÓN GENERAL
campo de control de longitud fija 960917s1881 sp f |||| | spa d
080 ## - NÚMERO DE LA CLASIFICACIÓN DECIMAL UNIVERSAL
Número de la Clasificación Decimal Universal 655
100 1# - ENTRADA PRINCIPAL--NOMBRE DE PERSONA
Nombre de persona Monet, Adolphe Lucien.
9 (RLIN) 130054
245 10 - MENCIÓN DEL TÍTULO
Título Manual de galvanoplastia y estereotipia y otros procedimientos de reproducción en relieve /
Mención de responsabilidad, etc. por Luciano Monet ; [carta al autor, que debiera ser prólogo, Eusebio Martínez de Velasco].
260 ## - PUBLICACIÓN, DISTRIBUCIÓN, ETC.
Lugar de publicación, distribución, etc. Madrid :
Nombre del editor, distribuidor, etc. Est. Tip. Editorial de G. Estrada,
Fecha de publicación, distribución, etc. 1881.
300 ## - DESCRIPCIÓN FÍSICA
Extensión 223 p., [2] h. pleg. de lám. ;
Dimensiones 17 cm.
490 1# - MENCIÓN DE SERIE
Mención de serie Biblioteca enciclopédica popular ilustrada. Sección 1ª. Artes y oficios
500 ## - NOTA GENERAL
Nota general Vocabulario analítico.
530 ## - NOTA DISPONIBLE DE FORMULARIO FÍSICO ADICIONAL
Nota de formato físico adicional disponible Disponible en formato digital.
599 ## - NOTA A LAS ILUSTRACIONES
NOTA A LAS ILUSTRACIONES Lám.: "Lit. de Donon"
650 #4 - PUNTO DE ACCESO ADICIONAL DE MATERIA--TÉRMINO DE MATERIA
Término de materia o nombre geográfico como elemento de entrada Galvanoplastia.
9 (RLIN) 13025
650 #4 - PUNTO DE ACCESO ADICIONAL DE MATERIA--TÉRMINO DE MATERIA
Término de materia o nombre geográfico como elemento de entrada Composición tipográfica.
9 (RLIN) 172765
700 1# - ENTRADA AGREGADA--NOMBRE PERSONAL
Nombre de persona Estrada, Gregorio.
9 (RLIN) 126979
700 1# - ENTRADA AGREGADA--NOMBRE PERSONAL
Nombre de persona Martínez de Velasco, Eusebio.
9 (RLIN) 78036
752 ## - ENTRADA AGREGADA--NOMBRE JERÁRQUICO DEL LUGAR
País o entidad superior España -
Ciudad Madrid
830 10 - PUNTO DE ACCESO ADICIONAL DE SERIE-TÍTULO UNIFORME
Título uniforme Biblioteca enciclopédica popular ilustrada.
Nombre de parte o sección de la obra Artes y oficios
9 (RLIN) 187687
852 ## - LOCALIZACIÓN
Ubicación ES-MaACL
Número de control de estantería F-13640
Nota libre - Enc. hol.
856 4# - LOCALIZACIÓN Y ACCESO ELECTRÓNICOS
Identificador Uniforme de Recursos <a href="http://bdh-rd.bne.es/viewer.vm?id=0000077487&page=1 ">http://bdh-rd.bne.es/viewer.vm?id=0000077487&page=1 </a>
Nota pública Biblioteca Digital Hispánica
Holdings
Estatus retirado Estado de pérdida Estado de daño No para préstamo Colección Biblioteca de origen Biblioteca actual Ubicación en estantería Fecha de adquisición Fuente de adquisición Total de préstamos Signatura topográfica completa Código de barras Visto por última vez Precio de reemplazo Tipo de ítem Koha
        Colección digital Biblioteca del Ateneo de Madrid Biblioteca del Ateneo de Madrid Sala Pecera Planta 2 17/01/2008     F-13640 1167461 23/02/2023 23/02/2023 Libro impreso antiguo